Квартет (Запис номер 296856)
[ съкратено ]
| 000 -Лидер | |
|---|---|
| Контролно поле с фиксирана дължина | 00733nja a2200217 a 4500 |
| 003 - Код на организацията, давaща контролен номер | |
| Контролно поле | BLK |
| 005 - Дата и час на последна редакция | |
| Контролно поле | 20241005005452.0 |
| 008 - Елементи от данни с фиксирана дължина | |
| fixed length control field | 180414c bul|r|ner|||| 00| c0bul d |
| 010 ## - Наследен системен номер | |
| LC control number | NOT00000208002 |
| 040 ## - Източник на каталожния запис | |
| Идентификатор на билиотеката - собственик на записа | BLK |
| 245 10 - Сведения за заглавието | |
| Заглавие | Квартет |
| Подзаглавни данни | сол мажор : G Dur |
| Редно поле (дума) | Wolfgang Amadeus Mozart; Волфганг Амадеус Моцарт. |
| Версия | KV 285a |
| 257 ## - Страна на издаване | |
| Страна на създаване/издаване | Австрия |
| 380 ## - Жанр | |
| Жанр | Изкуство |
| 700 ## - Други автори (авторска отговорност) | |
| Лично име | Mozart, Wolfgang Amadeus |
| Дати, свързани с автора | 1756 - 1791 |
| 9 (RLIN) | 386874 |
| 700 ## - Други автори (авторска отговорност) | |
| Лично име | Моцарт, Волфганг Амадеус |
| Дати, свързани с автора | 1756 - 1791 |
| 9 (RLIN) | 368558 |
| 773 ## - Описание на основна библиографска единица при аналитични записи (многотомни) | |
| Host Biblionumber | 296854 |
| Host Itemnumber | 647248 |
| Заглавие | Квартеты |
| 852 ## - Местоположение | |
| Форматна сигнатура | Цб М 1751 |
| 942 ## - АРТИКУЛИ | |
| Вид на библиотечния материал | Нотни издания |
| Скрит в OPAC | Не |
| 944 ## - СЪЗДАВАНЕ И РЕДАКЦИЯ на ЗАПИСА | |
| Създаване/Редакция | Създаване |
| Дата на регистрацията/редакция | 21.10.2003 |
| Служител, извършил регистрацията/редакцията | |
| Статус, дата на статуса | CRON CRON |
| 944 ## - СЪЗДАВАНЕ И РЕДАКЦИЯ на ЗАПИСА | |
| Създаване/Редакция | Редакция |
| Дата на регистрацията/редакция | 21.09.2017 |
| Служител, извършил регистрацията/редакцията | Ирена_Линкова |
| 999 ## - СИСТЕМНИ КОНТРОЛНИ НОМЕРА | |
| Koha biblionumber | 296856 |
| Koha biblioitemnumber | 296856 |
| Код за отписване | Код за изгубен артикул | Код за повреда | Коз за рестрикции | Код за отдаване | Артикулен № | Име на библиотеката - собственик | Име на библиотеката, в която се намира в момента | Статус (Текущо местоположение) | Дата на вписване в системата | Местоположение - отдел | Цена в лева | Инвентарен номер | Систематично азбучна сигнатура | Баркод | Номер на екземпляра | Цена в евро | Служебна бележка | Служебен тип на артикула | Бележка за публиката |
|---|---|---|---|---|---|---|---|---|---|---|---|---|---|---|---|---|---|---|---|
| Не е изгубен | Не е повреден | само за читалня | ползва се в читалня | 647250 | Регионална библиотека "Любен Каравелов" Русе | Регионална библиотека "Любен Каравелов" Русе | Аналитични записи | 2018-04-14 | Аналитични записи | 0.00 | 900200000208 | Цб М 1751 | 900200000208 | 2 | 0.00 | аналитичен запис | Статия | Това е описние на част от артикул: Квартеты |